书目信息 |
| 题名: |
FPGA/CPLD应用技术
|
|
| 作者: | 王静霞 主编 | |
| 分册: | ||
| 出版信息: | 北京 电子工业出版社 2014.7 |
|
| 页数: | 316页 | |
| 开本: | 26cm | |
| 丛书名: | ||
| 单 册: | ||
| 中图分类: | TP332.1 | |
| 科图分类: | ||
| 主题词: | 可编程序逻辑阵列--系统设计--高等职业教育--教材 , 可编程序逻辑阵列 , 系统设计 | |
| 电子资源: | ||
| ISBN: | 978-7-121-23826-0 | |
| 000 | 01124nam0 2200289 450 | |
| 001 | 0400005896 | |
| 005 | 20171113092213.68 | |
| 010 | @a978-7-121-23826-0@dCNY43.00 | |
| 100 | @a20140814e20162014em y0chiy50 ea | |
| 101 | 0 | @achi |
| 102 | @aCN@b110000 | |
| 105 | @ay z 000yy | |
| 106 | @ar | |
| 200 | 1 | @aFPGA/CPLD应用技术@AFPGA/CPLD ying yong ji shu@eVerilog语言版@f王静霞主编 |
| 205 | @a第2版 | |
| 210 | @a北京@c电子工业出版社@d2014.7@h2016.1 | |
| 215 | @a316页@d26cm | |
| 300 | @a全国高等职业教育“十二五”规划教材 中国电子教育学会推荐教材 全国高等职业教育规划教材·精品与示范系列 国家精品课配套教材 | |
| 330 | @a本书以工作任务为导向,系统地介绍数字系统设计开发环境、可编程逻辑器件的结构和开发工具软件、Verilog HDL语言及其应用、组合逻辑电路设计、时序逻辑电路设计、数字系统的验证、数字系统设计实践等。 | |
| 606 | 0 | @a可编程序逻辑阵列@x系统设计@x高等职业教育@j教材 |
| 606 | 0 | @a可编程序逻辑阵列 |
| 606 | 0 | @a系统设计 |
| 610 | 0 | @aFPGA@aCPLD |
| 690 | @aTP332.1@v5 | |
| 701 | 0 | @a王静霞@Awang jing xia@c(女,计算机教学)@4主编 |
| 801 | 0 | @aCN@b上海新华@c20171031 |
| 905 | @b1023454-8@dTP332.1@e170=2@f5 | |
| FPGA/CPLD应用技术:Verilog语言版/王静霞主编.-第2版.-北京:电子工业出版社,2014.7(2016.1) |
| 316页;26cm |
| 全国高等职业教育“十二五”规划教材 中国电子教育学会推荐教材 全国高等职业教育规划教材·精品与示范系列 国家精品课配套教材 |
| ISBN 978-7-121-23826-0:CNY43.00 |
| 本书以工作任务为导向,系统地介绍数字系统设计开发环境、可编程逻辑器件的结构和开发工具软件、Verilog HDL语言及其应用、组合逻辑电路设计、时序逻辑电路设计、数字系统的验证、数字系统设计实践等。 |
| ● |
| 相关链接 |
|
|
|
|
正题名:FPGA/CPLD应用技术
索取号:TP332.1/170=2
 
预约/预借
| 序号 | 登录号 | 条形码 | 馆藏地/架位号 | 状态 | 备注 |
| 1 | 1023454 | 210234548 | 第二样本阅览室/ [索取号:TP332.1/170=2] | 在馆 | |
| 2 | 1023455 | 210234557 | 密集书库—计算机科学学院/ [索取号:TP332.1/170=2] | 在馆 | |
| 3 | 1023456 | 210234566 | 第三借阅区/ [索取号:TP332.1/170=2] | 在馆 | |
| 4 | 1023457 | 210234575 | 第三借阅区/ [索取号:TP332.1/170=2] | 在馆 | |
| 5 | 1023458 | 210234584 | 第三借阅区/ [索取号:TP332.1/170=2] | 在馆 |